| 000 | 00552aam a2200193 4500 | ||
|---|---|---|---|
| 005 | 20161212103953.0 | ||
| 008 | 150504b xxu||||| |||| 00| 0 spa d | ||
| 041 | _aspa | ||
| 082 | _a658 F522f | ||
| 100 |
_aFirth, David _934918 |
||
| 245 | _aLo fundamental y lo mas efectivo acerca del cambio | ||
| 260 |
_aColombia _bMcGraw-Hill _c2000 |
||
| 300 | _a235 pƔginas | ||
| 650 |
_aADMINISTRACIĆN DE EMPRESAS _9521 |
||
| 650 |
_aORGANIZACIONES _934919 |
||
| 650 |
_aCAMBIO ORGANIZACIONAL _93377 |
||
| 650 |
_aCULTURA ORGANIZACIONAL _93037 |
||
| 942 | _cBK | ||
| 999 |
_c5093 _d5093 |
||